MARC details
| 000 -CABECERA |
| campo de control de longitud fija |
00887nam a22002297a 4500 |
| 003 - IDENTIFICADOR DEL NÚMERO DE CONTROL |
| campo de control |
UPN |
| 005 - FECHA Y HORA DE LA ÚLTIMA TRANSACCIÓN |
| campo de control |
20240911064345.0 |
| 008 - ELEMENTOS DE LONGITUD FIJA--INFORMACIÓN GENERAL |
| campo de control de longitud fija |
220512s2004 sp|||||fr|||| 00| 0 spa d |
| 020 ## - NÚMERO INTERNACIONAL NORMALIZADO PARA LIBROS |
| Número Internacional Estándar del Libro |
8476586760 |
| 040 ## - FUENTE DE LA CATALOGACIÓN |
| Centro catalogador/agencia de origen |
MX-MxUPN |
| Lengua de catalogación |
spa |
| Centro/agencia transcriptor |
MX-MxUPN |
| 050 14 - SIGNATURA TOPOGRÁFICA DE LA BIBLIOTECA DEL CONGRESO |
| Número de clasificación |
B105 C4.73 |
| Número de documento/Ítem |
G6.6 2004 |
| 100 1# - ASIENTO PRINCIPAL--NOMBRE PERSONAL |
| 9 (RLIN) |
28516 |
| Nombre de persona |
González Casanova, Pablo, |
| Fechas asociadas al nombre |
1922- |
| 245 10 - MENCIÓN DE TÍTULO |
| Título |
Las nuevas ciencias y las humanidades : |
| Resto del título |
de la academia a la política / |
| Mención de responsabilidad, etc. |
Pablo González Casanova |
| 260 ## - PUBLICACIÓN, DISTRIBUCIÓN, ETC. |
| Lugar de publicación, distribución, etc. |
Rubí, Barcelona : |
| Nombre del editor, distribuidor, etc. |
Anthropos Editorial ; |
| Lugar de publicación, distribución, etc. |
México : |
| Nombre del editor, distribuidor, etc. |
UNAM, Instituto de Investigaciones Sociales ; |
| Lugar de publicación, distribución, etc. |
Madrid : |
| Nombre del editor, distribuidor, etc. |
Universidad Complutense de Madrid , |
| Fecha de publicación, distribución, etc. |
2004 |
| 300 ## - DESCRIPCIÓN FÍSICA |
| Extensión |
478 páginas |
| 490 ## - MENCIÓN DE SERIE |
| Mención de serie |
Autores, textos y temas. Ciencias sociales ; |
| Designación de volumen o secuencia |
37 |
| 650 #2 - ASIENTO SECUNDARIO DE MATERIA - TERMINO TEMATICO |
| 9 (RLIN) |
9823 |
| Término de materia o nombre geográfico como elemento de entrada |
Complejidad (Filosofía) |
| 650 #4 - ASIENTO SECUNDARIO DE MATERIA - TERMINO TEMATICO |
| Término de materia o nombre geográfico como elemento de entrada |
Ciencia |
| Subdivisión general |
Filosofía |
| 9 (RLIN) |
4696 |
| 650 #2 - ASIENTO SECUNDARIO DE MATERIA - TERMINO TEMATICO |
| 9 (RLIN) |
10137 |
| Término de materia o nombre geográfico como elemento de entrada |
Ciencia y humanidades |
| 942 ## - ELEMENTOS DE PUNTO DE ACCESO ADICIONAL (KOHA) |
| Fuente del sistema de clasificación o colocación |
Library of Congress Classification |
| Tipo de ítem Koha |
Libro |